|
|
|
|
| LEADER |
00804nam a22002412a 4500 |
| 001 |
000113403 |
| 003 |
CZ BrMZK |
| 005 |
20020729104558.0 |
| 008 |
010907s1991 xr f cze d |
| 015 |
|
|
|a cnb000066066
|
| 035 |
|
|
|a (OCoLC)85679777
|
| 040 |
|
|
|a BOA001
|b cze
|
| 080 |
|
|
|a 113/125(4)
|2 MRF
|
| 100 |
1 |
|
|a Steindl, Rudolf,
|d 1944-2001
|7 jk01121058
|
| 245 |
1 |
0 |
|a Kapitoly z evropské filosofie 20. století /
|c Rudolf Steindl, Jan Kerbr, Lenka Adamová
|
| 250 |
|
|
|a 1. vyd.
|
| 260 |
|
|
|a Praha :
|b České vysoké učení technické,
|c 1991
|
| 300 |
|
|
|a 137 s.
|
| 700 |
1 |
|
|a Kerbr, Jan,
|c filozof
|
| 700 |
1 |
|
|a Adamová, Lenka,
|d 1951-
|7 xx0000385
|
| 910 |
|
|
|a BOA001
|b TK-A-0248.814
|
| 990 |
|
|
|a BK
|
| 996 |
7 |
|
|b 2629980619
|c TK-A-0248.814
|l MZK
|r Sklad / do 24 hodin
|n 12
|w 000113403
|u 000010
|a 1
|e BOA001
|j MZK50
|s A
|